the perfect pair - beabadoobee [lyrics] - Statistics

General Stats
  • This quiz has been taken 145 times
    144 since last reset
  • The average score is 157 of 192
Answer Stats
Answer % Correct
I
100%
to
98%
know
97%
that
97%
we
97%
We
97%
the
96%
it
95%
same
95%
think
95%
You
95%
you
95%
don't
94%
one
93%
we're
93%
and
92%
And
92%
no
92%
ought
92%
could
90%
in
90%
my
89%
not
89%
help
88%
talk
87%
break
86%
heart
86%
like
86%
nothing
86%
of
85%
guess
84%
much
84%
told
84%
two
84%
If
83%
I'm
83%
go
82%
how
82%
so
82%
sure
82%
say
79%
there's
79%
tired
79%
face
78%
fighting
78%
'cause
76%
'Cause
76%
changed
75%
me
75%
can
74%
show
74%
has
72%
always
71%
better
67%
end
67%
fix
67%
things
67%
up
67%
take
66%
used
66%
anyways
65%
we'd
65%
when
65%
hate
64%
worse
64%
you'd
60%
quite
52%
hard
50%
have
50%
this
50%
beginning
49%
from
49%
out
49%
But
48%
find
47%
why
47%
work
47%
had
46%
known
44%
all
43%
Wish
43%
doubt
39%
will
30%
wouldn't
17%
No matching quizzes found
Score Distribution
Percent of People with Each Score
Percentile by Number Answered
Your Score History
You have not taken this quiz since the last reset